000 00443nam a22001337a 4500
008 190618b xxu||||| |||| 00| 0 eng d
050 _aAG 5
_b.M378 1993 vol.2
100 _aMargaret E. Martignoni
245 _aCollier's junior classic:
_banimal tales and fables/
_cMargaret E. Martignoni
260 _aNew York:
_bP.F. Collier, Inc.
_c1993.
300 _a180 p. ; col. ill. : 240 cm.
440 _aAnimal tales and fables/
942 _2lcc
_cBK
999 _c361896
_d361896